000 00473nam a22001697a 4500
005 20251108172303.0
008 250721s1987 xx 000 0 ara d
082 1 4 _a796.32/فاي
100 1 _aحمودات، فائز بشير
245 1 0 _aكرة السلة /
264 1 _aالموصل :
_bجامعة الموصل،
_c1987.
300 _a336ص
650 1 7 _aكرة السلة
700 1 _aجاسم، مؤيد عبد الله
942 _2ddc
_cBK
999 _c75217
_d75217